[Event "Pan American-ch U18 Girls"]
[Site "Montevideo"]
[Date "2022.06.27"]
[Round "2"]
[White "Munoz Orozco, Shirley Grace"]
[Black "Guo, Hazel"]
[Result "0-1"]
[WhiteElo "1290"]
[BlackElo "1526"]
[PlyCount "118"]
[EventDate "2022.06.26"]
[EventType "swiss"]
[EventRounds "9"]
[EventCountry "URU"]
[SourceTitle "EXT 2023"]
[Source "ChessBase"]
[SourceDate "2022.10.05"]
[SourceVersion "1"]
[SourceVersionDate "2022.10.05"]
[SourceQuality "1"]

1. e4 c5 2. Nf3 d6 3. d4 cxd4 4. Nxd4 Nf6 5. Nc3 g6 6. Be2 Bg7 7. Be3 Nc6 8. f4 Bd7 9. g4 Qa5 10. Nb3 Qc7 11. g5 Ng8 12. Qd2 Nb4 13. Nd4 a6 14. a3 Nc6 15. 0-0-0 0-0-0 16. Nd5 Qa5 17. Qxa5 Nxa5 18. Nb6+ Kc7 19. Nxd7 Rxd7 20. Bg4 Rd8 21. f5 Nc4 22. Bf4 Ne5 23. Be2 Kb8 24. Bxe5 Bxe5 25. c3 Bf4+ 26. Kb1 Bxg5 27. Bxa6 bxa6 28. Nc6+ Kc7 29. Nxd8 Kxd8 30. Rd5 Nf6 31. Rd4 Kc7 32. Rhd1 Bf4 33. h3 Be5 34. Rb4 Ra8 35. Rd3 e6 36. fxg6 hxg6 37. Kc2 a5 38. Ra4 Nd7 39. Rf3 f6 40. b4 Kb6 41. c4 Ra7 42. Rb3 Bd4 43. bxa5+ Kc6 44. Rab4 Rxa5 45. Rg3 g5 46. Rbb3 Ra4 47. Rb4 Ra5 48. Rf3 Re5 49. Kd3 Bc5 50. Rb3 Bb6 51. Rb4 Nc5+ 52. Kc2 Nxe4 53. Rb1 f5 54. Rh1 Rc5 55. Kd3 Ra5 56. Ra1 Bc5 57. a4 Bb6 58. Rff1 Nc5+ 59. Kd2 Nb3+ 0-1

[Event "Las Americas op U1800 Hybrid"]
[Site "Internet"]
[Date "2022.06.04"]
[Round "5.4"]
[White "Guo, Hazel"]
[Black "Gonzalez Loaiza, Roberth Alberto"]
[Result "0-1"]
[WhiteElo "1526"]
[BlackElo "1549"]
[PlyCount "107"]
[EventDate "2022.06.04"]
[EventType "swiss"]
[EventRounds "6"]
[EventCountry "VEN"]
[SourceTitle "EXT 2024"]
[Source "ChessBase"]
[SourceDate "2023.10.10"]
[SourceVersion "1"]
[SourceVersionDate "2023.10.10"]
[SourceQuality "1"]

1. e4 e5 2. Nf3 Nc6 3. d4 exd4 4. Bc4 d6 5. Nxd4 Nf6 6. Nxc6 bxc6 7. 0-0 Be7 8. Nc3 0-0 9. b3 Nd7 10. Bb2 Bf6 11. f4 Nc5 12. Qf3 Ba6 13. Bxa6 Nxa6 14. Rad1 Qe7 15. Rfe1 Rfe8 16. e5 dxe5 17. fxe5 Bxe5 18. Qxc6 Nb4 19. Qe4 Nxc2 20. Re2 Nb4 21. Rde1 Bxc3 22. Qxe7 Rxe7 23. Bxc3 Rxe2 24. Rxe2 Nd5 25. Bd4 f6 26. Rc2 Kf7 27. Rc6 Ke7 28. Ra6 Nb6 29. a4 Kd7 30. a5 Nc8 31. b4 c6 32. Bc5 Rb8 33. Bxa7 Ra8 34. Kf2 Rxa7 35. Rxa7+ Nxa7 36. Ke3 Nb5 37. Kd3 Kd6 38. g3 Kd5 39. h3 g5 40. h4 h5 41. a6 Na7 42. Ke3 Kc4 43. Ke4 gxh4 44. gxh4 Kxb4 45. Kf5 c5 46. Kxf6 c4 47. Kg6 c3 48. Kxh5 c2 49. Kg6 c1Q 50. h5 Qa1 51. h6 Qh8 52. h7 Kb5 53. Kh6 Kxa6 54. Kg6 0-1

[Event "Las Americas op U1800 Hybrid"]
[Site "Internet"]
[Date "2022.06.04"]
[Round "6.9"]
[White "Munoz Morales, Angel Bernardo"]
[Black "Guo, Hazel"]
[Result "1/2-1/2"]
[WhiteElo "1667"]
[BlackElo "1526"]
[PlyCount "117"]
[EventDate "2022.06.04"]
[EventType "swiss"]
[EventRounds "6"]
[EventCountry "VEN"]
[SourceTitle "EXT 2024"]
[Source "ChessBase"]
[SourceDate "2023.10.10"]
[SourceVersion "1"]
[SourceVersionDate "2023.10.10"]
[SourceQuality "1"]

1. e4 e6 2. d4 d5 3. Nd2 dxe4 4. Nxe4 Bd7 5. Nf3 Bc6 6. Bd3 Nd7 7. Qe2 Ngf6 8. Bg5 Be7 9. h4 h6 10. Bf4 Nd5 11. Bd2 Nb4 12. Bxb4 Bxb4+ 13. c3 Be7 14. 0-0-0 Nf6 15. Ne5 Bd5 16. Kb1 c6 17. Nd2 b5 18. f3 Qa5 19. Nb3 Bxb3 20. axb3 Qb6 21. g4 Rf8 22. g5 hxg5 23. hxg5 Nd5 24. Rh7 Bxg5 25. Rxg7 Bf6 26. Rh7 Bxe5 27. Qxe5 0-0-0 28. Rg1 Qc7 29. Qxc7+ Kxc7 30. Rgg7 Rd7 31. Ka2 Nf6 32. Rh6 Ne8 33. Rg5 f6 34. Rg1 e5 35. Bf5 Rd6 36. Rh7+ Kb6 37. dxe5 fxe5 38. Be4 Nf6 39. Re7 Re8 40. Rf7 Nxe4 41. fxe4 Rd2 42. b4 a5 43. bxa5+ Kxa5 44. Rg6 Kb6 45. Rff6 Rc8 46. Re6 Kc5 47. Kb3 Re2 48. Rxe5+ Kb6 49. Ree6 Kc5 50. Rh6 Rc7 51. Re8 Rd7 52. Ka2 Rdd2 53. Re5+ Kb6 54. Ree6 Rxb2+ 55. Ka1 Ra2+ 56. Kb1 Rab2+ 57. Ka1 Ra2+ 58. Kb1 Rab2+ 59. Ka1 1/2-1/2

[Event "PNWCC Online blitz JP 2nd"]
[Site "Chess.com INT"]
[Date "2020.03.21"]
[Round "1"]
[White "Guo, Hazel"]
[Black "Wen, Teddie"]
[Result "0-1"]
[WhiteElo "1526"]
[BlackElo "2071"]
[PlyCount "140"]
[EventDate "2020.03.21"]
[EventType "swiss (blitz)"]
[EventRounds "11"]
[EventCountry "USA"]
[SourceTitle "CBM 195 Extra"]
[Source "ChessBase"]
[SourceDate "2020.05.31"]
[SourceVersion "1"]
[SourceVersionDate "2020.05.31"]
[SourceQuality "1"]

1. e4 c5 2. Nf3 d6 3. d4 cxd4 4. Qxd4 Nf6 5. e5 Nc6 6. Bb5 dxe5 7. Bxc6+ bxc6 8. Qxd8+ Kxd8 9. Nxe5 Be6 10. Nxc6+ Kc7 11. Nd4 Bd5 12. f3 e5 13. Ne2 Bc5 14. Nbc3 Bc6 15. Bd2 e4 16. fxe4 Nxe4 17. Nxe4 Bxe4 18. 0-0-0 Bf3 19. gxf3 Rhe8 20. Nc3 Rad8 21. Bf4+ Kc6 22. Rxd8 Rxd8 23. Re1 a5 24. b3 Bb4 25. Bd2 a4 26. Rd1 a3 27. Ne4 Be7 28. Bc3 Re8 29. Bxg7 f5 30. Nd2 Bg5 31. Bc3 Kb5 32. Kb1 Rd8 33. Kc1 h5 34. Be5 Be3 35. Bf6 Rd6 36. Be7 Ra6 37. Kb1 Ra7 38. Bf8 Ra8 39. Bg7 Rd8 40. Bc3 f4 41. Kc1 h4 42. Bf6 Rg8 43. Bxh4 Rg7 44. Bf6 Rf7 45. c4+ Kb4 46. Ba1 Rh7 47. Kc2 Rxh2 48. Bc3+ Kc5 49. Kd3 Rh7 50. Ne4+ Kc6 51. c5 Rd7+ 52. Kc2 Rh7 53. b4 Rh2+ 54. Kb3 Rh3 55. Nd2 Bxd2 56. Rxd2 Rxf3 57. Kc4 Re3 58. Be5 Rxe5 59. Rd6+ Kc7 60. b5 Rf5 61. b6+ Kb7 62. Rd7+ Kc8 63. Rc7+ Kb8 64. c6 f3 65. Kd3 f2 66. b7 f1Q+ 67. Kc3 Kxc7 68. b8Q+ Kxb8 69. Kb4 Qb5+ 70. Kxa3 Rf3# 0-1

[Event "PNWCC Online blitz JP 2nd"]
[Site "Chess.com INT"]
[Date "2020.03.21"]
[Round "8"]
[White "Guo, Hazel"]
[Black "Zhang, Michael"]
[Result "1-0"]
[WhiteElo "1526"]
[BlackElo "2022"]
[PlyCount "77"]
[EventDate "2020.03.21"]
[EventType "swiss (blitz)"]
[EventRounds "11"]
[EventCountry "USA"]
[SourceTitle "CBM 195 Extra"]
[Source "ChessBase"]
[SourceDate "2020.05.31"]
[SourceVersion "1"]
[SourceVersionDate "2020.05.31"]
[SourceQuality "1"]

1. e4 e5 2. Nf3 Nc6 3. d4 exd4 4. Bc4 Bc5 5. Ng5 Nh6 6. Nxf7 Nxf7 7. Bxf7+ Kxf7 8. Qh5+ Kg8 9. Qxc5 d6 10. Qc4+ Kf8 11. 0-0 Qf6 12. Nd2 Qg6 13. Kh1 Ne5 14. Qe2 Bg4 15. f3 Be6 16. Nb3 Bc4 17. Qf2 Bxf1 18. Qxf1 c5 19. f4 Nd7 20. f5 Qg4 21. Bf4 c4 22. Nxd4 Ke8 23. Ne6 Nf8 24. Nc7+ Kd7 25. Nxa8 h6 26. e5 dxe5 27. Bxe5 Nh7 28. Rd1+ Ke7 29. Nc7 Ng5 30. Nd5+ Kf7 31. Ne3 Qe4 32. Nxc4 b5 33. Rd7+ Kf8 34. Bxg7+ Kg8 35. Nd6 Qxc2 36. f6 Nf7 37. Nxf7 Kh7 38. Bxh8 Kg6 39. Ne5+ 1-0

[Event "PNWCC Online blitz JP 2nd"]
[Site "Chess.com INT"]
[Date "2020.03.21"]
[Round "9"]
[White "Zhang, Andrew Huangtiankai"]
[Black "Guo, Hazel"]
[Result "0-1"]
[WhiteElo "1553"]
[BlackElo "1526"]
[PlyCount "64"]
[EventDate "2020.03.21"]
[EventType "swiss (blitz)"]
[EventRounds "11"]
[EventCountry "USA"]
[SourceTitle "CBM 195 Extra"]
[Source "ChessBase"]
[SourceDate "2020.05.31"]
[SourceVersion "1"]
[SourceVersionDate "2020.05.31"]
[SourceQuality "1"]

1. e4 e6 2. d4 d5 3. Nc3 dxe4 4. Nxe4 Bd7 5. Nf3 Bc6 6. Bd3 Nd7 7. 0-0 Ngf6 8. Nxf6+ Qxf6 9. Nd2 Qg5 10. Ne4 Qd8 11. c4 Bxe4 12. Bxe4 c6 13. Re1 Be7 14. d5 cxd5 15. cxd5 exd5 16. Bxd5 0-0 17. Bxb7 Rb8 18. Be4 Bb4 19. Re3 Qb6 20. Qxd7 Rbd8 21. Qg4 f5 22. Bxf5 Rxf5 23. h3 Rfd5 24. Rg3 Rd1+ 25. Kh2 R1d7 26. Bh6 g6 27. Re1 Bxe1 28. Rf3 Qd6+ 29. Bf4 Qb6 30. Be3 Qc6 31. Qf4 Ba5 32. h4 Bc7 0-1

[Event "Wch U14 Girls"]
[Site "Porto Carras"]
[Date "2018.10.24"]
[Round "6"]
[White "Guo, Hazel"]
[Black "Anghel, Maria"]
[Result "0-1"]
[WhiteElo "1262"]
[BlackElo "1801"]
[PlyCount "136"]
[EventDate "2018.10.20"]
[EventType "swiss"]
[EventRounds "11"]
[EventCountry "GRE"]
[SourceTitle "CBM 187 Extra"]
[Source "ChessBase"]
[SourceDate "2018.11.04"]
[SourceVersion "1"]
[SourceVersionDate "2018.11.04"]
[SourceQuality "1"]

1. e4 c5 2. Nf3 e6 3. Nc3 a6 4. d4 cxd4 5. Nxd4 Qc7 6. Bd3 Nc6 7. Nxc6 bxc6 8. 0-0 Nf6 9. Qe2 d6 10. f4 e5 11. Qf3 Be7 12. Qg3 Nh5 13. Qf3 Nxf4 14. Bxf4 exf4 15. Qxf4 0-0 16. Kh1 Bf6 17. e5 Bxe5 18. Qh4 g6 19. Ne4 f5 20. Qf2 d5 21. Ng5 Bxh2 22. Qh4 Bg3 23. Qh6 Qg7 24. Qxg7+ Kxg7 25. Nf3 c5 26. b3 Bb7 27. Rab1 Rfe8 28. Rbd1 Re3 29. a3 Rc8 30. c4 Rd8 31. b4 cxb4 32. axb4 dxc4 33. Bxc4 Rde8 34. Ra1 Bd6 35. Bxa6 Bxa6 36. Rxa6 Bxb4 37. Raa1 h6 38. Kh2 Bd6+ 39. Kh1 Bg3 40. Ra7+ R8e7 41. Ra5 Kf6 42. Ra6+ R7e6 43. Raa1 Rd6 44. Ra5 f4 45. Ra4 g5 46. Raa1 h5 47. Rab1 g4 48. Ng1 Rd2 49. Rb6+ Re6 50. Rb3 Kg6 51. Ra3 h4 52. Nh3 gxh3 53. gxh3 Kf5 54. Ra5+ Re5 55. Ra8 Ke4 56. Ra4+ Rd4 57. Ra8 f3 58. Rg8 Rd2 59. Ra8 Rh2+ 60. Kg1 f2+ 61. Rxf2 Rxf2 62. Ra3 Kf5 63. Ra1 Rfe2 64. Ra8 Re1+ 65. Kg2 R1e3 66. Kf1 Rf3+ 67. Kg1 Re1+ 68. Kg2 Rf2# 0-1

[Event "Wch U14 Girls"]
[Site "Porto Carras"]
[Date "2018.10.21"]
[Round "3"]
[White "Bardorz, Jana"]
[Black "Guo, Hazel"]
[Result "1-0"]
[WhiteElo "1810"]
[BlackElo "1262"]
[PlyCount "59"]
[EventDate "2018.10.20"]
[EventType "swiss"]
[EventRounds "11"]
[EventCountry "GRE"]
[SourceTitle "CBM 187 Extra"]
[Source "ChessBase"]
[SourceDate "2018.11.04"]
[SourceVersion "1"]
[SourceVersionDate "2018.11.04"]
[SourceQuality "1"]

1. e4 e6 2. d4 d5 3. Nd2 dxe4 4. Nxe4 Bd7 5. Nf3 Bc6 6. Bd3 Nd7 7. 0-0 Ngf6 8. Nxf6+ Qxf6 9. Be2 Bd6 10. c4 b6 11. d5 exd5 12. cxd5 Bb7 13. Bb5 Qd8 14. Re1+ Be7 15. Ne5 0-0 16. Nxd7 a6 17. Bc6 Bxc6 18. dxc6 Re8 19. Qg4 Kh8 20. Bd2 Bd6 21. Rxe8+ Qxe8 22. Bc3 f6 23. Nxf6 Qf7 24. Nh5 Bf8 25. Rd1 Re8 26. Rd7 Re7 27. Rxe7 Qxe7 28. Nxg7 Bxg7 29. Qc8+ Qf8 30. Qxf8# 1-0

[Event "Windsor NAYCC U12 Girls"]
[Site "Windsor"]
[Date "2016.08.08"]
[Round "3.123"]
[White "Qiao, Joey"]
[Black "Guo, Hazel"]
[Result "1-0"]
[WhiteElo "1462"]
[BlackElo "1291"]
[PlyCount "143"]
[EventDate "2016.08.07"]
[EventType "swiss"]
[EventRounds "9"]
[EventCountry "CAN"]
[SourceTitle "EXT 2022"]
[Source "ChessBase"]
[SourceDate "2021.10.06"]
[SourceVersion "1"]
[SourceVersionDate "2021.10.06"]
[SourceQuality "1"]

1. e4 e6 2. d4 d5 3. exd5 exd5 4. Bd3 Nf6 5. Ne2 Bd6 6. h3 c6 7. c3 0-0 8. 0-0 Nbd7 9. Nd2 Re8 10. Nf3 Nf8 11. Bf4 Bxf4 12. Nxf4 Qd6 13. Qd2 h6 14. Ne5 N8d7 15. Nxd7 Bxd7 16. Rfe1 Qc7 17. Rab1 Be6 18. Nxe6 fxe6 19. Bg6 Re7 20. Re5 Nd7 21. Re2 e5 22. Bf5 e4 23. Bxd7 Qxd7 24. Rbe1 Rae8 25. Qf4 Qe6 26. Qg3 Qf5 27. Rf1 b6 28. b3 c5 29. Rfe1 Qd7 30. Qe3 Qb5 31. Rd1 Re6 32. dxc5 Re5 33. cxb6 axb6 34. Red2 Rc8 35. Qd4 Rce8 36. Re1 Qc6 37. Rc2 b5 38. Re3 Qg6 39. Rg3 Rg5 40. Qxd5+ Rxd5 41. Rxg6 Rd1+ 42. Kh2 Rf1 43. Rd2 Rf8 44. Kg3 Re8 45. Re2 Rc1 46. Rc6 Rd1 47. Re3 Rd3 48. Rxd3 exd3 49. Rd6 Re2 50. Rxd3 Rxa2 51. Kf3 Kh7 52. Ke3 Kg6 53. b4 Rc2 54. g3 Kh7 55. f4 Rg2 56. Kd4 Re2 57. Kc5 Rh2 58. h4 Kg6 59. Kxb5 Kf6 60. c4 Rc2 61. c5 Ke6 62. c6 Kf5 63. Kb6 Rc4 64. b5 Kg4 65. c7 g5 66. hxg5 hxg5 67. fxg5 Kh3 68. Kb7 Rh4 69. c8Q+ Kh2 70. gxh4 Kg1 71. Qc2 Kh1 72. Rd1# 1-0